书目信息 |
| 题名: |
岩溶多重介质环境与岩溶地下水系统
|
|
| 作者: | 郭纯青 , 李文兴 著 | |
| 分册: | ||
| 出版信息: | 北京 化学工业出版社 2006.09 |
|
| 页数: | 106页 | |
| 开本: | 24cm | |
| 丛书名: | ||
| 单 册: | ||
| 中图分类: | P642.25 | |
| 科图分类: | ||
| 主题词: | 岩溶--yan rong--地质环境--研究 , 岩溶水--yan rong shui--研究 | |
| 电子资源: | ||
| ISBN: | 7-5025-9087-0 | |
| 000 | 00950nam0 2200253 450 | |
| 001 | 012006459235 | |
| 005 | 20070428150027.64 | |
| 010 | @a7-5025-9087-0@dCNY30.00 | |
| 100 | @a20061122d2006 km y0chiy0120 ea | |
| 101 | 0 | @achi |
| 102 | @aCN@b110000 | |
| 105 | @aa a 000yy | |
| 200 | 1 | @a岩溶多重介质环境与岩溶地下水系统@Ayan rong duo zhong jie zhi huan jing yu yan rong di xia shui xi tong@f郭纯青, 李文兴等著@Fguo chun qing,li wen xing deng zhu |
| 210 | @a北京@c化学工业出版社@d2006.09 | |
| 215 | @a106页@c图@d24cm | |
| 320 | @a有书目。 | |
| 330 | @a本书以地球系统科学为指导,针对岩溶地区特殊的资源、环境等问题都与岩溶管道水有关的现象,介绍了岩溶多重介质环境与岩溶地下水系统及其开发方法。 | |
| 606 | 0 | @a岩溶@Ayan rong@x地质环境@x研究 |
| 606 | 0 | @a岩溶水@Ayan rong shui@x研究 |
| 690 | @aP642.25@v4 | |
| 701 | 0 | @a郭纯青@Aguo chun qing@4著 |
| 701 | 0 | @a李文兴@Ali wen xing@4著 |
| 801 | 0 | @aCN@c20070428 |
| 905 | @a10447@dP642.25@eG785 | |
| 岩溶多重介质环境与岩溶地下水系统/郭纯青, 李文兴等著.-北京:化学工业出版社,2006.09 |
| 106页:图;24cm |
| ISBN 7-5025-9087-0:CNY30.00 |
| 本书以地球系统科学为指导,针对岩溶地区特殊的资源、环境等问题都与岩溶管道水有关的现象,介绍了岩溶多重介质环境与岩溶地下水系统及其开发方法。 |
| ● |
| 相关链接 |
|
|
|
正题名:岩溶多重介质环境与岩溶地下水系统
索取号:P642.25/G785
 
预约/预借
| 序号 | 登录号 | 条形码 | 馆藏地/架位号 | 状态 | 备注 |
| 1 | 235625 | 202356253 | 自科库401/401自科库 133排2列6层/ [索取号:P642.25/G785] | 在馆 | |
| 2 | 235626 | 202356262 | 自科库401/401自科库 133排2列6层/ [索取号:P642.25/G785] | 在馆 | |
| 3 | 235627 | 202356271 | 自科二线504/504自科库 47排3列6层/ [索取号:P642.25/G785] | 在馆 |